日本の「県」 - Statistics

General Stats
  • This quiz has been taken 113 times
  • The average score is 111 of 383
Answer Stats
現在の
都道府県
県名 設置年月 廃止年月 県庁所在地
【設置予定地】
% Correct
津県 伊勢国安濃郡
90%
岡県 豊後国直入郡
86%
森県 豊後国玖珠郡
80%
青森県 1871年9月 現存 陸奥国津軽郡
79%
秋田県 秋田県 1871年8月 現存 出羽国秋田郡
77%
母里県 1871年8月 出雲国能義郡
77%
札幌県 石狩国札幌郡
75%
岩手県 1872年2月 現存 陸奥国岩手郡
74%
宮城県 1872年2月 現存
74%
福島県 1869年7月 1871年9月 1871年8月 現存 陸奥国信夫郡
71%
函館県 1882年2月 1886年1月 渡島国亀田郡
70%
島根県 隠岐県 1869年4月 1871年12月 隠岐国周吉郡
70%
根室県 根室国根室郡
68%
山形県 1870年9月 現存 出羽国村山郡
68%
富山県 富山県 1871年8月1883年5月 1871年12月現存 越中国新川郡
68%
山家県
68%
仙台県 1871年8月 1872年2月 陸奥国宮城郡
67%
茨城県 現存 常陸国茨城郡
67%
滋賀県 1872年2月 現存
67%
佐賀県 佐賀県 1871年8月1872年7月 1883年5月 1871年10月 1876年4月 現存 肥前国佐賀郡
67%
千葉県 1873年2月 現存 上総国千葉郡
66%
福井県 〃 1881年2月 〃 現存 越前国足羽郡
66%
福岡県 福岡県 1871年8月 現存 筑前国早良郡
66%
栃木県 1871年12月1873年6月 1873年6月 現存 下野国都賀郡下野国河内郡 【下野国都賀郡】
65%
埼玉県 1871年12月 現存 武蔵国足立郡【武蔵国埼玉郡】
65%
新潟県 1869年4月1870年4月 1869年9月現存 越後国阿賀郡
65%
静岡県 1871年8月 現存 駿河国安倍郡
65%
岡山県 現存 備前国上道郡
65%
八戸県 1869年10月
1871年8月
1869年10月 1871年9月 陸奥国九戸郡 【陸奥国三戸郡】 陸奥国三戸郡
64%
群馬県 1871年12月1876年8月 1873年6月 現存 上野国群馬郡
64%
神奈川県 神奈川県 1968年11月 現存 武蔵国橘樹郡
64%
石川県 1872年2月 現存 加賀国石川郡
63%
奈良県 奈良県 1868年8月1887年11月 1876年4月現存 大和国添上郡
63%
香川県 1871年12月1875年9月 1888年12月 1873年2月 1876年8月 現存
63%
鹿児島県 鹿児島県 1871年8月 現存 薩摩国鹿児島郡
63%
沖縄県 沖縄県 1879年4月(1972年5月) (1945年3月)現存 琉球国島尻郡
63%
岩手県 盛岡県 1869年1月 1870年8月 1869年9月 1872年2月 陸奥国岩手郡
62%
山口県 山口県 1871年8月 現存 周防国吉敷郡
62%
長崎県 長崎県 1869年7月 現存 肥前国彼杵郡
62%
弘前県 1871年8月 1871年12月 陸奥国津軽郡
60%
和歌山県 現存 紀伊国名草郡
60%
広島県 広島県 1871年8月 現存 安芸国安芸郡
60%
高知県 高知県 1871年8月 現存 土佐国土佐郡
60%
熊本県 1871年8月1876年2月 1872年6月現存 肥後国飽田郡
60%
大分県 1871年12月 現存 豊後国大分郡
60%
山梨県 1871年12月 現存
59%
鳥取県 鳥取県 〃1881年9月 1876年8月現存 因幡国邑美郡
59%
徳島県 徳島県 〃1880年3月 1871年12月現存 阿波国名東郡
59%
宮崎県 1873年1月1883年5月 1876年8月 現存 日向国宮崎郡
59%
長野県 1871年8月 現存 信濃国水内郡
58%
大阪府 堺県 1868年9月 1881年2月 和泉国大鳥郡
58%
山形県 酒田県 1869年7月1871年12月 1870年9月1875年8月 出羽国飽海郡
57%
愛知県 1872年12月 現存 尾張国愛知郡
57%
三重県 1872年3月 現存 伊勢国三重郡→伊勢国安濃郡 【伊勢国三重郡】
57%
島根県 1871年12月 現存
57%
岐阜県 1871年12月 現存
56%
若松県 1869年6月 1876年8月 陸奥国会津郡
55%
水戸県 1871年8月 常陸国茨城郡
55%
小田県 1872年7月 1875年12月 備中国小田郡
55%
三戸県 1869年10月 1869年12月 陸奥国三戸郡
54%
宇都宮県 1871年8月 1873年6月 下野国河内郡
54%
敦賀県 1872年1月 1876年8月 越前国敦賀郡
54%
浜松県 1871年12月 1876年8月
54%
兵庫県 兵庫県 1868年7月 現存 摂津国八部郡
54%
愛媛県 1873年2月 現存 伊予国温泉郡
54%
石巻県 1870年10月 陸奥国牡鹿郡
53%
登米県 1871年12月 陸奥国登米郡
53%
津山県 1871年8月 備前国西北条郡
53%
大分県 日田県 1868年5月 1871年12月 豊後国日田郡
53%
北海道 館県 1871年8月 1871年12月 渡島国檜山郡
52%
江刺県 陸奥国江刺郡
52%
前橋県 上野国群馬郡
52%
石川県 金沢県 1871年8月 1872年2月 加賀国石川郡
52%
名古屋県 1872年12月 尾張国愛知郡
52%
小野県 播磨国加東郡
52%
入間県 1873年6月 武蔵国入間郡
51%
滋賀県 大津県 1868年5月 1872年2月 近江国滋賀郡
51%
福島県 桑折県 1869年1月 1869年8月 陸奥国伊達郡
49%
忍県 武蔵国埼玉郡
49%
鹿島県 肥前国藤津郡
49%
一関県 1871年7月 1872年1月 陸奥国磐井郡
48%
本荘県 出羽国由利郡
48%
白河県 1869年8月 1871年11月 陸奥国白河郡
48%
泉県 陸奥国菊多郡
48%
長尾県
48%
佐倉県 下総国印旛郡
48%
鶴岡県 1875年8月 1876年8月 出羽国田川郡
47%
大野県
47%
甲府県 1869年8月 1872年1月 甲斐国山梨郡
47%
高山県 1868年10月 1872年1月
47%
郡山県 大和国添下郡
47%
岡山県 倉敷県 1868年7月 1871年12月 備中国窪屋郡
47%
天草県 1868年7月 1868年10月
47%
白川県 1872年6月 1876年2月 肥後国飽田郡
47%
青森県 北奥県九戸県 1869年3月1869年9月 1869年9月1869年10月 陸奥国九戸郡
47%
宮城県 栗原県 1869年5月 1869年9月 陸奥国栗原郡
46%
平県 1871年12月 1872年1月 陸奥国磐前郡
46%
高崎県
46%
松本県 信濃国筑摩郡
45%
愛媛県 松山県 1871年8月 1872年3月 伊予国温泉郡
45%
宇和島県 1872年7月
45%
小倉県 豊前国企救郡
45%
佐野県 下野国安蘇郡
44%
足利県 下野国足利郡
44%
千葉県 葛飾県 1869年3月 1871年12月 下総国葛飾郡
44%
新潟県 柏崎県 1868年9月1869年9月 1869年4月1873年6月 越後国刈羽郡
44%
佐渡県 1868年10月1869年8月 1868年12月1871年12月 佐渡国雑太郡
44%
桑名県 1871年8月 1872年1月 伊勢国桑名郡
44%
姫路県 1872年12月 播磨国飾磨郡
44%
高松県 讃岐国香川郡
44%
都城県 日向国諸県郡
44%
小田原県 相模国足柄下郡
43%
七尾県 1872年1月 1872年10月 能登国鹿島郡
43%
長野県 伊那県 1868年9月 1871年12月 信濃国伊那郡
43%
明石県 播磨国明石郡
43%
新庄県 出羽国最上郡
42%
豊橋県
42%
彦根県 近江国犬上郡
42%
久留米県 筑後国御井郡
42%
八代県 1871年12月 1873年1月
42%
花巻県 1869年1月 1869年9月 陸奥国稗貫郡
41%
土浦県
41%
栃木県 日光県 1869年4月 1871年12月 下野国都賀郡
41%
高田県 越後国頸城郡
41%
岡崎県
41%
豊岡県 1876年8月 但馬国城崎郡
41%
福山県 1876年4月 備後国深津郡
41%
米沢県 1871年8月 1872年1月 出羽国置賜郡
40%
置賜県 1871年12月 1876年8月 出羽国置賜郡
40%
木更津県 上総国望陀郡
40%
亀山県 伊勢国亀山郡
40%
印旛県 1871年12月 1873年2月 下総国印旛郡
38%
村上県 1871年8月 1871年12月 越後国岩船郡
38%
長浜県 1872年1月 1872年10月
38%
松江県 出雲国島根郡
38%
岩国県 1871年12月 周防国大島郡
38%
中津県 豊前国下毛郡
38%
結城県 下総国結城郡
37%
館山県 1871年8月 安房国安房郡
37%
一宮県 上総国長柄郡
37%
舞鶴県 丹後国加佐郡
37%
磐井県 1875年11月 1876年4月
36%
上田県 信濃国小県郡
36%
飛騨県 1868年9月 1868年10月 飛騨国大野郡
36%
大垣県 美濃国安八郡
36%
福知山県 丹波国天田郡
36%
和歌山県 田辺県 紀伊国牟婁郡
36%
唐津県 1871年12月 肥前国松浦郡
36%
伊沢県 胆沢県 1869年4月1869年9月 1869年9月 1872年1月 陸奥国胆沢郡
36%
宮城県 (岩手県) 水沢県 1872年1月 1875年11月 陸奥国登米郡【陸奥国胆沢郡】
35%
伊勢崎県 上野国佐位郡
35%
小浜県 若狭国遠敷郡
35%
赤穂県 播磨国赤穂郡
35%
浜田県 1870年2月 1876年4月 石見国名賀郡
35%
今治県 伊予国越智郡
35%
宮崎県 延岡県 1871年8月 1871年12月 日向国臼杵郡
35%
天童県
34%
埼玉県 大宮県 1869年1月 1869年10月 武蔵国日本橋区【武蔵国足立郡】
34%
川越県 1871年8月 武蔵国入間郡
34%
足柄県 1871年12月 1876年4月
34%
飯田県
34%
河内県 1869年9月 摂津国若江郡
34%
新宮県
34%
佐伯県 豊後国佐伯郡
34%
熊谷県 1873年6月 1876年8月 武蔵国大里郡
33%
高島県 信濃国諏訪郡
33%
郡上県 美濃国郡上郡
33%
白石県 1869年9月 1869年12月 陸奥国刈田郡
32%
古河県 下総国葛飾郡
32%
新治県 1871年12月 1875年5月 常陸国新治郡
32%
愛知県 三河県 1868年7月 1869年7月 三河国宝飯郡
32%
小松県 伊予国周布郡
32%
安中県 上野国碓氷郡
31%
浦和県 1869年10月 1872年1月 武蔵国足立郡
31%
新発田県
31%
筑摩県 1871年12月 1876年8月
31%
小城県 肥前国小城郡
31%
島原県 肥前国高来郡
31%
市川県 甲斐国八代郡
30%
鳥羽県 志摩国答志郡
30%
高槻県 1871年8月 1871年12月 摂津国島上郡
30%
平戸県 肥前国松浦郡
30%
勝山県 越前国大野郡
29%
石和県
29%
額田県 1872年1月 三河国額田郡
29%
三重県 度会県 1869年8月 1876年4月 伊勢国度会郡
29%
臼杵県 豊後国海部郡
29%
鯖江県 越前国今立郡
27%
宮津県 丹後国与謝郡
27%
大村県 1871年8月 1871年12月
27%
館林県 1871年12月 上野国邑楽郡
26%
沼田県 上野国利根郡
26%
飯山県 1871年12月
26%
高梁県 備中国上房郡
26%
名東県 1871年12月 1876年8月
26%
大洲県 伊予国喜多郡
26%
笠間県
25%
佐貫県 上総国天羽郡
25%
綾部県 丹波国何鹿郡
25%
岸和田県 1872年1月 和泉国南郡
25%
五條県 1870年3月 1872年1月 大和国宇智郡
25%
新見県 備中国阿賀郡
25%
香川県 丸亀県 1871年12月 讃岐国那珂郡
25%
西条県 1872年12月 伊予国新居郡
25%
伊万里県 1871年10月 1872年7月 肥前国松浦郡
25%
烏山県
24%
足羽県 1871年12月 1873年1月
24%
小諸県
24%
挙母県 三河国加茂郡
24%
安志県 播磨国宍粟郡
24%
飾磨県 1872年12月 播磨国飾磨郡
24%
大田原県 1871年12月 下野国那須郡
23%
相川県 1871年12月 1876年4月 佐渡国雑太郡
23%
尼崎県 1871年8月 摂津国川辺郡
23%
三池県 筑後国三池郡
23%
熊本県 富岡県 1868年5月 1868年7月 肥後国天草郡
23%
黒石県
22%
桜井県
22%
中野県 1870年10月 1871年8月 信濃国高井郡
22%
田原県 1871年6月 三河国渥美郡
22%
刈谷県
22%
犬山県 尾張国丹羽郡
22%
亀岡県 丹波国桑田郡
22%
出石県 但馬国出石郡
22%
豊浦県
22%
桃生県 1869年8月 陸奥国桃生郡
21%
二本松県 1871年8月 1871年9月 陸奥国安達郡
21%
下館県 常陸国真壁郡
21%
石岡県 常陸国新治郡
21%
神戸県 伊勢国河曲郡
21%
伯太県 和泉国和泉郡
21%
吉田県 伊予国宇和郡
21%
三潴県 1871年12月 1876年8月 筑後国三潴郡
21%
飫肥県
21%
牛久県 常陸国河内郡
20%
福江県
20%
西尾県 三河国幡豆郡
19%
摂津県 1869年2月 1869年6月 摂津国西成郡
19%
篠山県 丹波国多気郡
19%
斗南県 陸奥国三戸郡
18%
七戸県 陸奥国北郡
18%
三田県 摂津国有馬郡
18%
龍野県 播磨国揖保郡
18%
杵築県 1871年8月 豊後国速見郡
18%
磐前県 1872年1月 1876年8月 陸奥国磐前郡
16%
岩槻県 武蔵国埼玉郡
16%
山梨県 府中県 1868年10月 1868年12月 甲斐国山梨郡
16%
安濃津県 1872年1月 1872年3月
16%
矢島県
15%
上山県 出羽国村山郡
15%
茂木県 下野国芳賀郡
15%
新川県 1871年12月 1876年4月
15%
角田県 1869年12月 陸奥国伊具郡
14%
亀田県
14%
久留里県 上総国望陀郡
14%
北条県 1876年4月 備前国西北条郡
14%
深津県 1871年12月 1872年7月
14%
厳原県 1871年10月 対馬国下県郡
14%
岩崎県 1871年12月 出羽国雄勝郡
13%
大多喜県 上総国夷隅郡
13%
品川県 武蔵国日本橋区 【武蔵国荏原郡】
13%
府内県 豊後国大分郡
13%
園部県 丹波国船井郡
12%
人吉県 1871年12月 肥後国八代郡
12%
日出県
12%
高鍋県 日向国児湯郡
12%
美々津県 1871年12月 1873年1月 日向国児湯郡
12%
三春県 陸奥国田村郡
11%
下妻県
11%
丸岡県 1871年8月 越前国坂井郡
11%
山崎県
11%
真島県 備前国真島郡
11%
中村県 陸奥国相馬郡
10%
壬生県 下野国都賀郡
10%
淀県 1871年8月 山城国久世郡
10%
柏原県 丹波国氷上郡
10%
柳川県 筑後国山門郡
10%
大聖寺県 1871年8月 1871年12月 加賀国江沼郡
9%
静岡県 韮山県 1868年6月 1871年12月 伊豆国田方郡
9%
長島県
9%
久居県 伊勢国一志郡
9%
龍崎県
8%
須坂県 信濃国高井郡
8%
菰野県 伊勢国三重郡
8%
水口県 近江国甲賀郡
8%
高取県 大和国高市郡
8%
磐城平県 1871年8月 1871年12月 陸奥国磐前郡
7%
麻生県 常陸国行方郡
7%
岩村県 美濃国恵那郡
7%
膳所県 近江国滋賀郡
7%
涌谷県 陸奥国遠田郡
5%
関宿県 下総国葛飾郡
5%
水原県 1869年9月 1870年4月 越後国阿賀郡
5%
松代県 信濃国埴科郡
5%
加納県 美濃国厚見郡
5%
峰山県 丹後国中郡
5%
三日月県 播磨国佐用郡
5%
石鎚県 1872年3月 1873年2月 伊予国温泉郡→伊予国越智郡
5%
秋月県 1871年12月 筑前国朝倉郡
5%
加知山県 安房国平郡
4%
東京都 小菅県 1869年2月 1871年12月 武蔵国葛飾郡
4%
荻野山中県 相模国愛甲郡
4%
黒川県
4%
高遠県
4%
岐阜県 笠松県 1868年7月 1871年12月 美濃国羽栗郡
4%
京都府 久美浜県 1868年5月 1872年1月 丹後国熊野郡
4%
生野県 1869年9月 1871年12月 但馬国朝来郡
4%
田原本県 大和国十市郡
4%
鴨方県 備中国浅口郡
4%
佐土原県 日向国那珂郡
4%
小幡県
3%
鶴舞県 上総国市原郡
3%
松尾県 上総国武射郡
3%
苗木県
3%
大泉県 出羽国田川郡
2%
湯長谷県 1871年8月
2%
松岡県 常陸国多賀郡
2%
松川県 常陸国鹿島郡
2%
黒羽県
2%
吹上県
2%
菊間県
2%
生実県 下総国千葉郡
2%
六浦県 1871年8月 1871年12月 武蔵国久良岐郡
2%
岩村田県 信濃国佐久郡
2%
麻田県 摂津国豊島郡
2%
丹南県 河内国丹南郡
2%
小泉県
2%
岡田県 備中国下道郡
2%
神山県 1872年7月 伊予国宇和郡
2%
蓮池県 肥前国神崎郡
2%
松嶺県 出羽国飽海郡
1%
棚倉県 陸奥国白河郡
1%
宍戸県 常陸国茨城郡
1%
志筑県
1%
七日市県 上野国甘楽郡
1%
宮谷県 上総国山辺郡
1%
曾我野県
1%
三日市県 越後国蒲原郡
1%
椎谷県 越後国刈羽郡
1%
野村県 1871年8月 1871年12月
1%
今尾県
1%
堀江県 1872年1月 遠江国敷知郡
1%
重原県
1%
宮川県 1871年8月 近江国坂田郡
1%
吉見県 和泉国日根郡
1%
林田県
1%
村岡県 但馬国七美郡
1%
柳生県 1871年8月 大和国添上郡
1%
芝村県
1%
大森県 1869年9月 1870年2月 石見国邇摩郡
1%
広瀬県
1%
庭瀬県 備中国賀陽郡
1%
足守県
1%
新谷県
1%
豊津県 豊前国京都郡
1%
茨城県 若森県 1869年4月 1871年12月 常陸国新治郡
0%
群馬県 岩鼻県 1868年2月 1871年12月 上野国群馬郡
0%
花房県 安房国長狭郡
0%
鶴牧県
0%
飯野県 上総国周淮郡
0%
小久保県
0%
村松県
0%
峰岡県
0%
与板県 越後国三島郡
0%
清崎県
0%
福井県 本保県 1871年1月 1871年12月 越前国丹生郡
0%
高富県 美濃国山県郡
0%
半原県 三河国八名郡
0%
西大平県 三河国額田郡
0%
西端県 三河国碧海郡
0%
山上県 近江国神崎郡
0%
朝日山県 近江国浅井郡
0%
西大路県 近江国蒲生郡
0%
豊崎県 1869年6月 摂津国西成郡
0%
三草県
0%
柳本県 大和国式上郡
0%
櫛羅県 大和国葛上郡
0%
鶴田県 備前国久米北条郡
0%
生坂県 備中国窪屋郡
0%
浅尾県
0%
成羽県 備中国川上郡
0%
清末県 周防国豊浦郡
0%
千束県 豊前国上毛郡
0%
No matching quizzes found
Score Distribution
Percent of People with Each Score
Percentile by Number Answered
Your Score History
You have not taken this quiz